00989nam a2200229 4500001000700000003000900007005001700016007000300033008004100036100002700077245026400104250001300368260003300381300003500414700002500449700003900474700003800513700003800551852003100589999001900620952012000639109548ES-MaACL20230906184850.0t|061121s1976 sp r ||||1| spa d1 aMumenthaler, M.98416510aPatología de los nervios periféricos b: Diagnóstico y tratamiento / cbajo la dirección de M. Mumenthaler, H. Schliack; prefacio a la edición española por J. de Palacios y Carvajal; versión de Santiago Amaya Alarcón, José Ignacio Abad Rico. a1ª. ed. aBarcelona : bToray, c1976. aXVI, 427 p. : bil. ; c24 cm.1 aSchliack, H.91044191 aPalacios y Carvajal, J. de.9884451 aAmaya Alarcón, Santiago.9211590 aAbad Rico, José Ignacio,917937 aES-MaACLjA-6049 bR.95161 c109548d109548 00104070aATENEOMbATENEOMcSPP1d2008-01-17eSCl0oA-6049p1114301r2023-02-23 00:00:00w2023-02-23yMONOGRAFIA